000 00578nam a2200181 4500
999 _c169180
_d169180
005 20191107150445.0
010 _aENG-126854
020 _a9789353221454
_c250.00
035 _aEN-110386
037 _bDBAD/PUB
082 _a305.906
100 _aSuryanarayan,V.
245 _aRefugee dilemma :
_bSri lankan refugees in Tamil Nadu /
_cby V. Suryanarayan
260 _aNew Delhi
_bPrabhat Prakashan
_c2019
270 _a4/19 ,Asaf Ali Road ,
_bNew Delhi
_e110002
_mprabhatbooks@gmail.com
300 _a134p.
_bill.
_c21cm(Hb)
942 _2ddc
_cEN
_h305.906
_mSUR